Radiohead studio albums release year - Statistics

General Stats
  • This quiz has been taken 29 times
  • The average score is 7 of 9
Answer Stats
Hint Answer % Correct
1997 OK Computer
100%
2007 In Rainbows
96%
1993 Pablo Honey
96%
1995 The Bends
88%
2000 Kid A
85%
2016 A Moon Shaped Pool
77%
2001 Amnesiac
73%
2003 Hail To TheThief
65%
2011 The King Of The Limbs
15%
No matching quizzes found
Score Distribution
Percent of People with Each Score
Percentile by Number Answered
Your Score History
You have not taken this quiz